000 00819mam a2200229 a 4500
005 20131113101931.0
008 980710s1998 enk 000 0 eng d
020 _a1856495833
020 _a1856495841
041 0 _aeng
080 _a339.9
100 1 _aDas, Bhagirath Lal.
245 1 4 _aThe WTO agreements :
_cBhagirath Lal Das.
260 _aLondon :
_bZed Books ;
_aPenang, Malaysia :
_bThird World Network ;
_aNew York, NY, USA :
_bDistributed in the USA exclusively by St. Martin's Press,
_cc1998.
300 _axii, 122 p. ;
_c24 cm.
500 _aPreface : f. IX-XII
610 2 0 _aOrganizata Botërore e tregtisë
611 2 0 _aUruguay Round
_d(1987-1994)
650 0 _aTregu ndërkombëtar
650 0 _aTregu i lirë
_zVendet në zhvillim
942 _2udc
_cBK
999 _c305
_d305